Návrh zberného dvora pre mestskú časť Bratislava - Dúbravka

Guardado en:
Detalles Bibliográficos
Autor principal: Slneková, Lucia (Autor)
Otros Autores: Galbová, Kristína (Orientador)
Formato: Manuscrito Libro
Lenguaje:eslovaco
Publicado: 2018
Materias:
Acceso en línea:http://is.stuba.sk/zp/portal_zp.pl?podrobnosti=136895
https://opac.crzp.sk/?fn=detailBiblioForm&sid=24C5901A55BE8827364ECCD1E80C
Etiquetas: Agregar Etiqueta
Sin Etiquetas, Sea el primero en etiquetar este registro!

MARC

LEADER 00000ntm a22000003a 4500
001 stuzp68743
003 SK-STU
005 20230704092548.6
007 ta
008 150427s2015----xo-----f-mn---000-0-slo-d
040 |a STU  |b slo 
041 0 |a slo 
100 1 |a Slneková, Lucia  |u 010280  |4 aut  |U SvF Stavebná fakulta  |T SvF Katedra zdravotného inžinierstva  |X 7318  |U V280  |Y 29  |7 A000007318 
242 0 1 |a Design of a waste collection center for city district Bratislava - Dúbravka  |y eng 
245 1 0 |a Návrh zberného dvora pre mestskú časť Bratislava - Dúbravka 
260 |c 2018 
650 4 |a odpad  |2 slo 
650 4 |a odpadové hospodárstvo  |2 slo 
650 4 |a zberný dvor  |2 slo 
650 4 |a waste  |2 eng 
650 4 |a Waste Management  |2 eng 
650 4 |a collection yard  |2 eng 
700 1 |a Galbová, Kristína  |u 010280  |k Z1  |4 ths  |U SvF Stavebná fakulta  |T SvF Katedra zdravotného inžinierstva  |X 20771  |U V280  |Y 29  |7 A000020771 
856 4 |u http://is.stuba.sk/zp/portal_zp.pl?podrobnosti=136895 
856 4 |u https://opac.crzp.sk/?fn=detailBiblioForm&sid=24C5901A55BE8827364ECCD1E80C